2023 Western Bulldogs AFL Team Quiz - Statistics

General Stats
  • This quiz has been taken 40 times
  • The average score is 24 of 50
Answer Stats
Hint Answer % Correct
4 Marcus Bontempelli
92%
Senior Coach Luke Beveridge
84%
33 Aaron Naughton
80%
1 Adam Treloar
80%
3 Cody Weightman
80%
6 Bailey Smith
76%
2 Jamarra Ugle-Hagen
76%
11 Jack Macrae
72%
37 Roarke Smith
72%
19 Liam Jones
68%
7 Rory Lobb
68%
44 Tim English
68%
21 Tom Liberatore
68%
32 Arthur Jones
64%
35 Caleb Daniel
64%
10 Sam Darcy
64%
31 Bailey Dale
60%
5 Jedd Busslinger
56%
8 Charlie Clarke
52%
39 Jason Johannisen
52%
42 Alex Keath
48%
34 Bailey Williams
48%
20 Ed Richards
48%
26 Dominic Bedendo
44%
9 Hayden Crozier
44%
30 Lachlan McNeil
44%
13 Oskar Baker
44%
38 Riley Garcia
44%
43 Ryan Gardner
44%
28 Anthony Scott
40%
24 Buku Khamis
40%
17 Josh Bruce
40%
23 Laitham Vandermeer
40%
14 Rhylee West
40%
15 Taylor Duryea
40%
25 Caleb Poulter
36%
41 Jordon Sweet
36%
29 Mitch Hannan
36%
27 Robbie McComb
36%
16 Toby Mclean
36%
40 Cody Raak
32%
12 Harvey Gallagher
32%
36 Luke Cleary
32%
18 James O'Donnell
28%
22 Tim O'Brien
28%
Midfield Coach Brendon Lade
20%
Forward Coach Matt Spangher
20%
Development Coach Stefan Martin
12%
Development Manager Jamie Maddocks
4%
VFL Head Coach Stewart Edge
4%
No matching quizzes found
Score Distribution
Percent of People with Each Score
Percentile by Number Answered
Your Score History
You have not taken this quiz